| 000 | 00807nac a22002291u 4500 | ||
|---|---|---|---|
| 003 | EG-ScBUE | ||
| 005 | 20221115031409.0 | ||
| 008 | 221115s1995 nyuab f b 001 0 eng d | ||
| 020 | _a0847818608 | ||
| 020 | _a9780847818600 | ||
| 040 |
_aEG-ScBUE _beng _erda _cEG-ScBUE _dEG-ScBUE |
||
| 082 | 0 | 4 |
_a720.94509024 _bFUR _222 |
| 100 | 1 |
_aFurnari, Michele, _eauthor. |
|
| 245 | 1 | 0 |
_aFormal design in renaissance architecture : _bfrom Brunelleschi to Palladio / _cMichele Furnari. |
| 264 | 1 |
_aNew York, NY : _bRizzoli International Publications, Inc., _c1995. |
|
| 300 |
_a206 pages : _billustrations, maps ; _c29 cm |
||
| 504 | _aIncludes bibliographical references and index. | ||
| 650 | 7 |
_aArchitecture, Renaissance _zItaly. _2BUEsh |
|
| 653 | _bENGARC | ||
| 655 | _vReading book | ||
| 942 |
_cBB _2ddc |
||
| 999 |
_c3510 _d3510 |
||